[Event "ch-FRA w 2011"]
[Site "Caen FRA"]
[Date "2011.08.16"]
[Round "1"]
[White "Collas, Silvia"]
[Black "Maisuradze, Nino"]
[Result "0-1"]
[WhiteTitle "IM"]
[BlackTitle "WGM"]
[WhiteElo "2323"]
[BlackElo "2329"]
[WhiteFideId "2902265"]
[BlackFideId "13601717"]
[EventDate "2011.08.16"]

1. d4 d5 2. c4 e6 3. Nc3 Be7 4. Bf4 Nf6 5. e3 O-O 6. Nf3 c5 7. dxc5 Bxc5 8. Qc2
Qa5 9. Nd2 Bb4 10. Nb3 Bxc3+ 11. bxc3 Qa4 12. cxd5 Nxd5 13. Bg3 Bd7 14. e4 Nb6
15. Bd3 Bb5 16. O-O Bxd3 17. Qxd3 N8d7 18. Rfd1 Rac8 19. Bd6 Rfd8 20. Be7 Re8
21. Bb4 Ne5 22. Qg3 Nec4 23. Qh4 a5 24. Be7 Ne5 25. Bc5 Nbd7 26. Bd4 Ng6 27. Qg5
e5 28. Be3 Rxc3 29. Bd2 Rc2 30. Bxa5 Nf6 31. f3 Rxa2 32. Qe3 Ra8 33. Rxa2 Qxa2
34. Qb6 Nf4 35. Rd8+ Ne8 36. Bd2 Ne6 37. Rxa8 Qxa8 38. Na5 Qd8 39. Qxd8 Nxd8 40.
Be3 f6 41. Kf2 b5 42. Ke2 Kf7 43. Kd3 Ke6 44. Kc3 Kd7 45. Kb4 Nc6+ 46. Nxc6 Kxc6
47. Bf2 Nc7 48. Be3 Na6+ 49. Kc3 Nc5 50. Bg1 Ne6 51. Be3 h5 52. Bf2 Nf4 53. g3
Nh3 54. Be3 Ng5 0-1

[Event "ch-FRA w 2011"]
[Site "Caen FRA"]
[Date "2011.08.23"]
[Round "7"]
[White "Milliet, Sophie"]
[Black "Guichard, Pauline"]
[Result "1-0"]
[WhiteTitle "IM"]
[BlackTitle "WGM"]
[WhiteElo "2355"]
[BlackElo "2305"]
[WhiteFideId "623725"]
[BlackFideId "639370"]
[EventDate "2011.08.16"]

1. e4 e5 2. Nf3 Nc6 3. Bc4 Bc5 4. d3 Nf6 5. Bb3 O-O 6. Nbd2 d5 7. exd5 Nxd5 8.
Ne4 Be7 9. O-O Bg4 10. c3 Kh8 11. h3 Bxf3 12. Qxf3 f5 13. Ng3 Nb6 14. a4 a5 15.
Rd1 Qe8 16. Nf1 Bd6 17. Re1 Qg6 18. Qg3 Qxg3 19. Nxg3 Rae8 20. Be3 Nd7 21. Nf1
Nf6 22. Nh2 e4 23. d4 f4 24. Bd2 e3 25. fxe3 Ne4 26. Bc1 Ng3 27. Nf3 Re7 28. Bd2
Rfe8 29. exf4 Ne2+ 30. Kf2 Bxf4 31. Bxf4 Nxf4 32. Bc4 Rf8 33. d5 Rxe1 34. Rxe1
Nd8 35. Re7 c6 36. d6 Ng6 37. Re1 c5 38. d7 h6 39. Re8 Nc6 40. Bf7 1-0

[Event "ch-FRA w 2011"]
[Site "Caen FRA"]
[Date "2011.08.23"]
[Round "7"]
[White "Bollengier, Andreea"]
[Black "Collas, Silvia"]
[Result "1/2-1/2"]
[WhiteTitle "WIM"]
[BlackTitle "IM"]
[WhiteElo "2207"]
[BlackElo "2323"]
[WhiteFideId "1203347"]
[BlackFideId "2902265"]
[EventDate "2011.08.16"]

1. c4 c5 2. Nf3 Nc6 3. d4 cxd4 4. Nxd4 g6 5. e4 Nf6 6. Nc3 Nxd4 7. Qxd4 d6 8.
Be3 Bg7 9. Be2 O-O 10. Qd2 Bd7 11. O-O Bc6 12. f3 a5 1/2-1/2

[Event "ch-FRA w 2011"]
[Site "Caen FRA"]
[Date "2011.08.24"]
[Round "8"]
[White "Maisuradze, Nino"]
[Black "Bollengier, Andreea"]
[Result "1-0"]
[WhiteTitle "WGM"]
[BlackTitle "WIM"]
[WhiteElo "2329"]
[BlackElo "2207"]
[WhiteFideId "13601717"]
[BlackFideId "1203347"]
[EventDate "2011.08.16"]

1. d4 Nf6 2. Nf3 e6 3. Bf4 b6 4. e3 Bd6 5. Bxd6 cxd6 6. Bd3 Bb7 7. Nbd2 d5 8.
O-O O-O 9. Qe2 Ne4 10. c4 f5 11. cxd5 Bxd5 12. Bxe4 fxe4 13. Ne1 Bb7 14. Qg4 Ba6
15. Qxe4 d5 16. Qxe6+ Kh8 17. Rc1 Rf6 18. Qg4 Nd7 19. Nef3 Bxf1 20. Nxf1 Nf8 21.
Ng3 Rf7 22. Qh5 Kg8 23. h4 Qd6 24. Ne5 Rc7 25. Rxc7 Qxc7 26. Ng6 Qd6 27. Ne7+
Kh8 28. Qxd5 Qxd5 29. Nxd5 Rc8 30. Nc3 b5 31. a3 Rb8 32. b4 Ng6 33. h5 Ne7 34.
Nge4 Kg8 35. Kf1 Nc6 36. Nd6 a6 37. Ke2 Kf8 38. d5 Ne5 39. f4 Ng4 40. e4 Nf6 41.
h6 gxh6 42. e5 Ng4 43. Kf3 h5 44. Nce4 Ra8 45. Nb7 Nh6 46. d6 Nf5 47. Nec5 Nd4+
48. Ke4 Nc2 49. d7 1-0

[Event "ch-FRA w 2011"]
[Site "Caen FRA"]
[Date "2011.08.24"]
[Round "8"]
[White "Guichard, Pauline"]
[Black "Leconte, Maria"]
[Result "1/2-1/2"]
[WhiteTitle "WGM"]
[BlackTitle "WGM"]
[WhiteElo "2305"]
[BlackElo "2327"]
[WhiteFideId "639370"]
[BlackFideId "618446"]
[EventDate "2011.08.16"]

1. d4 Nf6 2. c4 e6 3. Nc3 Bb4 4. e3 O-O 5. Bd3 d5 6. Nf3 Nc6 7. O-O a6 8. a3
dxc4 9. Bxc4 Bd6 10. e4 e5 11. d5 Ne7 12. b4 h6 13. Be2 Ng6 14. Ne1 Qe7 15. Nd3
a5 16. Rb1 axb4 17. axb4 Bd7 18. Qc2 Nf4 19. Be3 Ra3 20. Nxf4 exf4 21. Bd4 Be5
22. Bxe5 Qxe5 23. Rfc1 Re8 24. Bf3 g5 25. Qb2 Raa8 26. g3 g4 27. gxf4 Qxf4 28.
Bg2 Qg5 29. Re1 Re5 30. Ra1 Rae8 31. Qc1 Qh4 32. Ra7 Bc8 33. Ra8 Kg7 34. Nb5 Rh5
35. Nxc7 Qxh2+ 36. Kf1 Rd8 37. Rxc8 Rxc8 38. Ne6+ fxe6 39. Qxc8 Qf4 40. dxe6 g3
41. Qxb7+ Kh8 42. Qc8+ Kg7 43. Qb7+ Kh8 44. Qa8+ Ng8 45. Qa7 gxf2 46. Qxf2 Qe5
47. Rd1 Qxe6 48. Rd5 Qa6+ 49. b5 Qa1+ 50. Qe1 Qf6+ 51. Qf2 Qa1+ 52. Qe1 Qf6+ 53.
Kg1 Rg5 54. e5 Qe6 55. Rd6 Qc4 56. b6 Qc5+ 57. Qf2 Qc1+ 58. Qf1 Qc5+ 59. Qf2
Qc1+ 60. Qf1 1/2-1/2

[Event "ch-FRA w 2011"]
[Site "Caen FRA"]
[Date "2011.08.24"]
[Round "8"]
[White "Collas, Silvia"]
[Black "Milliet, Sophie"]
[Result "1/2-1/2"]
[WhiteTitle "IM"]
[BlackTitle "IM"]
[WhiteElo "2323"]
[BlackElo "2355"]
[WhiteFideId "2902265"]
[BlackFideId "623725"]
[EventDate "2011.08.16"]

1. d4 d5 2. c4 c6 3. cxd5 cxd5 4. Nc3 Nf6 5. Bf4 Nc6 6. e3 a6 7. Nf3 Bg4 8. Be2
e6 9. O-O Bd6 10. Bxd6 Qxd6 11. Na4 1/2-1/2

[Event "ch-FRA w 2011"]
[Site "Caen FRA"]
[Date "2011.08.25"]
[Round "9"]
[White "Guichard, Pauline"]
[Black "Maisuradze, Nino"]
[Result "1-0"]
[WhiteTitle "WGM"]
[BlackTitle "WGM"]
[WhiteElo "2305"]
[BlackElo "2329"]
[WhiteFideId "639370"]
[BlackFideId "13601717"]
[EventDate "2011.08.16"]

1. d4 d5 2. c4 e6 3. Nc3 Be7 4. Bf4 Nf6 5. e3 O-O 6. a3 c5 7. dxc5 Bxc5 8. Nf3
Nc6 9. Qc2 Qa5 10. Rd1 Be7 11. Be2 Ne4 12. cxd5 Nxc3 13. Qxc3 Qxc3+ 14. bxc3
exd5 15. Rxd5 Bxa3 16. Nd4 Nxd4 17. exd4 Be7 18. Kd2 a6 19. Bf3 Be6 20. Ra5 Ra7
21. Rb1 Bd8 22. Raa1 b6 23. Bc6 Kh8 24. Bd6 Rg8 25. f4 Bc8 26. Re1 a5 27. Bb8
Ra6 28. c4 Bf6 29. Be5 Be6 30. d5 Bf5 31. Kc3 Ra7 32. d6 Bd7 33. Bxf6 Bxc6 34.
Bd4 Rd7 35. Rad1 b5 36. c5 Bxg2 37. Ra1 a4 38. Kb4 Bc6 39. Re3 f5 40. Rae1 Be4
41. Rxe4 fxe4 42. Be5 Rc8 43. Rc1 h5 44. c6 Rdd8 45. d7 Rxc6 46. Rxc6 Rxd7 47.
Rc2 e3 48. Re2 Rd3 49. Kxb5 a3 50. Kc4 Rd2 51. Rxe3 a2 52. h3 h4 53. Ra3 Kh7 54.
Ra7 Rg2 55. Kd5 Kh6 56. Ke4 Rg3 57. f5 Rg2 58. Kf3 Rc2 59. Kg4 g5 60. Ra6+ Kh7
61. Kxg5 Rf2 62. Ra7+ Kg8 63. f6 Rd2 64. Kg6 Rg2+ 65. Kh6 Rf2 66. Bd4 Rf5 67.
Kg6 1-0

[Event "ch-FRA w 2011"]
[Site "Caen FRA"]
[Date "2011.08.25"]
[Round "9"]
[White "Milliet, Sophie"]
[Black "Bollengier, Andreea"]
[Result "1/2-1/2"]
[WhiteTitle "IM"]
[BlackTitle "WIM"]
[WhiteElo "2355"]
[BlackElo "2207"]
[WhiteFideId "623725"]
[BlackFideId "1203347"]
[EventDate "2011.08.16"]

1. e4 c5 2. Nc3 e6 3. Nf3 d6 4. d4 cxd4 5. Nxd4 Nf6 6. f4 a6 7. a4 Qc7 8. Be2
Be7 9. O-O O-O 10. Be3 b6 11. Bf3 Bb7 12. g4 d5 13. e5 Ne4 14. Nxe4 dxe4 15. Bg2
Rd8 16. Qe1 Nc6 17. c3 Bc5 18. Rd1 Rd7 19. Rf2 Rad8 20. Rfd2 Na5 21. Bf1 Bxd4
22. Rxd4 Rxd4 23. Rxd4 Rxd4 24. Bxd4 e3 25. Qxe3 Qc6 26. Bxb6 1/2-1/2